Klub konkrétistov po dvadsiatich rokoch. 2

Bibliographic Details
Main Author: Pohribný, Arsén, 1928-2012 (Author)
Format: Article
Language:Slovak
Subjects:

MARC

LEADER 00000nab a2200000 a 4500
001 vtls000422967
003 SK-MaSNL
005 20260304033416.0
008 230120c1991 xo 0 slo
015 |a SNBRB19rr/mm-uuuuu 
035 |a CL0423095 
035 |a urn:nbn:sk:snk-aba4x 
035 |a (urnnbn)urn:nbn:sk:snk:ar-005579 
035 |a (uuid)fceccece-d45b-485e-a027-8f9105f70da6 
040 |a SNKBUCL  |b slo  |c SNKBUCL  |e AACR2 
041 0 |a slo 
044 |a xo  |c SK 
080 |a 73/76.036  |2 1981 
100 1 |a Pohribný, Arsén,  |d 1928-2012  |4 aut  |9 215976 
245 1 0 |a Klub konkrétistov po dvadsiatich rokoch. 2  |c Arsén Pohribný ; Arsén Pohribský 
300 |b Fot. 21. 
500 |a /Dokončenie./ 
650 0 7 |a výtvarné umenie  |2 snkbucl  |9 723 
650 0 7 |a konštruktivizmus (výtv.)  |2 snkbucl  |9 1315157 
655 7 |a články z novín a časopisov  |2 snkbucl  |9 267496 
773 0 |t Výtvarný život  |g Roč. 36, č. 4 (1991), s. 33-41 
850 |a Slovenská národná knižnica v Martine  |a MTA001 
852 |a SNK  |b KIS3GCP 
954 |a odborná, vedecká literatúra pôvodná (slovenská)  |2 lita 
958 |a RK 
958 |a OND 
958 |a EUIPO 
958 |a article27 
992 |a RBX 
999 |c 2648021  |d 2649951